[Event "Maringa op 1st"]
[Site "Maringa"]
[Date "2024.07.28"]
[Round "6"]
[White "Christofoli, Daniel Mendes"]
[Black "Carvalho, Isis"]
[Result "1/2-1/2"]
[WhiteElo "1800"]
[BlackElo "1657"]
[PlyCount "44"]
[EventDate "2024.07.26"]
[EventType "swiss"]
[EventRounds "6"]
[EventCountry "BRA"]
[SourceTitle "CBM 221 Extra"]
[Source "ChessBase"]
[SourceDate "2024.09.30"]
[SourceVersion "1"]
[SourceVersionDate "2024.09.30"]
[SourceQuality "1"]

1. e4 d6 2. d4 Nf6 3. Nc3 g6 4. Nf3 Bg7 5. Bc4 0-0 6. h3 Nxe4 7. Nxe4 d5 8. Bxd5 Qxd5 9. Nc3 Qd8 10. 0-0 Nc6 11. Ne2 e5 12. dxe5 Nxe5 13. Nxe5 Bxe5 14. c3 Bf5 15. Be3 Qh4 16. Qd5 Qe4 17. Qxe4 Bxe4 18. Bf4 Bxf4 19. Nxf4 Bc6 20. Rad1 Rad8 21. Rfe1 Rxd1 22. Rxd1 Re8 1/2-1/2

[Event "Maringa op 1st"]
[Site "Maringa"]
[Date "2024.07.26"]
[Round "1"]
[White "Christofoli, Daniel Mendes"]
[Black "Kapp, Luiz Guilherme"]
[Result "0-1"]
[WhiteElo "1800"]
[BlackElo "1701"]
[PlyCount "60"]
[EventDate "2024.07.26"]
[EventType "swiss"]
[EventRounds "6"]
[EventCountry "BRA"]
[SourceTitle "CBM 221 Extra"]
[Source "ChessBase"]
[SourceDate "2024.09.30"]
[SourceVersion "1"]
[SourceVersionDate "2024.09.30"]
[SourceQuality "1"]

1. e4 c5 2. Nf3 g6 3. d4 cxd4 4. Nxd4 Nc6 5. g3 Bg7 6. c3 Nf6 7. Bg2 0-0 8. 0-0 d5 9. exd5 Nxd5 10. Nxc6 bxc6 11. c4 Nb4 12. Qa4 Rb8 13. Nc3 Bf5 14. Ne4 Qc7 15. Rb1 Nd3 16. Qc2 Rfd8 17. b3 Qe5 18. Qe2 Nxc1 19. Rbxc1 Rd7 20. Rfe1 Rbd8 21. h3 h5 22. Nc3 Qa5 23. Na4 c5 24. Rcd1 Bd4 25. Kh2 Qc7 26. Rd2 Bxf2 27. Rxd7 Qxg3+ 28. Kh1 Rxd7 29. Rf1 Bd4 30. Rf3 Qg5 0-1